| 000 | 00514nam a2200181Ia 4500 | ||
|---|---|---|---|
| 999 |
_c8835 _d8835 |
||
| 003 | OSt | ||
| 005 | 20201007131429.0 | ||
| 008 | 190216s9999||||xx |||||||||||||| ||und|| | ||
| 020 | _a8177222775 | ||
| 040 | _coclc | ||
| 082 |
_a005.5 _bGUP/C |
||
| 100 |
_aGupta, Vikas _95391 |
||
| 245 | 0 |
_aComdex Information Technology Course Kit / _cVikas Gupta |
|
| 260 |
_bDream Tech Press, _aNew Delhi: _c2002. |
||
| 300 | _a636p | ||
| 650 | _aComputer | ||
| 942 |
_cBK _2ddc _h005.5 _iGUP/C _k005.5 _mGUP/C |
||